000 01027nam a2200241 i 4500
001 124971
003 ES-MaACL
005 20250810063036.0
007 t|
008 070425s1942 sp ||||1| spa d
100 1 _aJordana de Pozas, Luis,
_d1890-1983
_966931
245 1 0 _aElogio de Álvaro López Núñez :
_bconferencia pronunciada en la Escuela Social de Madrid el día 27 de febrero de 1942 /
_cpor Luis Jordana de Pozas.
260 _aMadrid :
_b[s.n.],
_c1942 (
_fImp. y Enc. de los Sobrinos de la Sucesora de M. Minuesa de los Ríos)
300 _a20 p., 1 retr. ;
_c21 cm.
490 1 _aPublicaciones del Instituto Nacional de Previsión ;
_v551
599 _aRetrato de Álvaro López Núñez.
700 1 _aLópez Núñez, Alvaro.
_973832
710 2 _aEscuela Social de Madrid.
_93593
710 2 _aInstituto Nacional de Previsión (España)
_95180
830 1 _aPublicaciones del Instituto Nacional de Previsión ;
_v551
_9181151
852 _aES-MaACL
_jC-12631(13)
999 _c124971
_d124971